000 00951nas a2200301 4500
001 BR2015000522
003 BR-BrBNA
005 20231205124937.0
007 ta
008 230509b bl.|||p| |||| 00| 00por d
040 _aBR-BrBNA
_bpor
_cBiblioteca Nacional de Agricultura
041 _a(Pt)
072 _aL70; L74
100 1 _aMelo, U.P. de
100 1 _aPalhares, M.S.
100 1 _aFerreira, C.
100 1 _aFrança, S.A.
100 1 _aSerakides, R.
100 1 _aSilva Filho, J.M. da
245 1 _aEfeito de diferentes soluções de enema sobre as características macro e microscópicas da mucosa do cólon menor e reto de equinos
650 _aEQUINO
650 _aVETERINÁRIA
650 _aCÓLICA
650 _aDISTÚRBIO FISIOLÓGICO
773 0 _tA Hora Veterinária (Brazil)
_xISSN 0101-9163
_g(Sep-Oct 2014), v. 34(201) p. 49-52
_wBR2015000522
909 _a202311
_bLúcia
_c55
_dLúcia Elande
942 _2AGRIS
_n0
_cANA
999 _c241757
_d241757